Деловое общение: учебное пособие

Bibliographische Detailangaben
Weitere Verfasser: Кузнецов И. Н. (составитель)
Zusammenfassung:В учебном пособии рассматриваются теоретические и прикладные вопросы делового общения. Раскрывается их природа, сущность и основные принципы. Анализируются психологические, этические, риторические правила делового общения. Особое внимание уделено рассмотрению проблем международного общения. На основе анализа и обобщения широкого круга российских и зарубежных источников излагаются основные теоретические положения, предлагаются практические рекомендации и советы, позволяющие более эффективно решать проблемы в области делового общения. Для студентов вузов, изучающих курсы «Менеджмент», «Корпоративная культура», «Риторика», «Этика деловых отношений», «Деловое общение». Рекомендуется также всем, кто интересуется проблемами делового общения.
Sprache:Russisch
Veröffentlicht: Москва, Дашков и К, 2007
Schlagworte:
Format: MixedMaterials Buch
KOHA link:https://koha.lib.tpu.ru/cgi-bin/koha/opac-detail.pl?biblionumber=104916

MARC

LEADER 00000nam0a2200000 4500
001 104916
005 20231031114212.0
010 |a 594798850X 
035 |a (RuTPU)RU\TPU\book\113131 
090 |a 104916 
100 |a 20061109d2007 m y0rusy50 ca 
101 0 |a rus 
102 |a RU 
105 |a y j 001zy 
200 1 |a Деловое общение  |e учебное пособие  |f сост. И. Н. Кузнецов 
210 |a Москва  |c Дашков и К  |d 2007 
215 |a 528 с. 
320 |a Библиогр.: с. 467-476. 
330 |a В учебном пособии рассматриваются теоретические и прикладные вопросы делового общения. Раскрывается их природа, сущность и основные принципы. Анализируются психологические, этические, риторические правила делового общения. Особое внимание уделено рассмотрению проблем международного общения. На основе анализа и обобщения широкого круга российских и зарубежных источников излагаются основные теоретические положения, предлагаются практические рекомендации и советы, позволяющие более эффективно решать проблемы в области делового общения. Для студентов вузов, изучающих курсы «Менеджмент», «Корпоративная культура», «Риторика», «Этика деловых отношений», «Деловое общение». Рекомендуется также всем, кто интересуется проблемами делового общения. 
451 1 |0 (RuTPU)RU\TPU\book\160511  |y 978-5-394-00174-1  |t Деловое общение  |o учебное пособие  |f сост. И. Н. Кузнецов  |e 3-е изд.  |c М.  |n Дашков и К  |d 2009  |p 528 с. 
451 1 |0 (RuTPU)RU\TPU\book\123038  |y 5-238-00654-3  |t Деловое общение. Деловой этикет  |o учебное пособие для вузов  |f сост. И. Н. Кузнецов  |c М.  |n ЮНИТИ  |d 2006  |p 431 с.  |s Деловое общение 
610 1 |a экономика 
610 1 |a управление 
610 1 |a психология 
610 1 |a общение 
610 1 |a деловое общение 
610 1 |a имидж 
610 1 |a этика 
610 1 |a риторика 
610 1 |a деловые беседы 
610 1 |a этикет 
610 1 |a учебные пособия 
686 |a У9(2)212.8я73  |v LBC/SL-A  |2 rubbk 
686 |a Ю953я73  |v LBC/SL-A  |2 rubbk 
702 1 |a Кузнецов  |b И. Н.  |4 220 
801 1 |a RU  |b 63413507  |c 20061109  |g PSBO 
801 2 |a RU  |b 63413507  |c 20120505  |g PSBO 
900 |a Этикет в международном сотрудничестве 
942 |c BK 
959 |a 90/20061025  |d 2  |e 165,00  |f АНЛ:1  |f ЧЗГЛ:1